Niekoľko aspektov práva na informácie o životnom prostredí

Stav právnej úpravy prístupu k informáciám o životnom prostredí v Slovenskej republike. Smernice a právne predpisy zabezpečujúce povinnosť o voľnom prístupe k informáciám o životnom prostredí.

Salvato in:
Dettagli Bibliografici
Autore principale: Žilinčík, P.
Natura: Capitolo di libro
Lingua:slovacco
Soggetti:
Tags: Aggiungi Tag
Nessun Tag, puoi essere il primo ad aggiungerne!!

MARC

LEADER 00000naa a2200000 4500
001 r014311
005 20221205080320.7
041 0 |a slo 
044 |a SK 
245 1 0 |a Niekoľko aspektov práva na informácie o životnom prostredí  |c P. Žilinčík 
520 |a Stav právnej úpravy prístupu k informáciám o životnom prostredí v Slovenskej republike. Smernice a právne predpisy zabezpečujúce povinnosť o voľnom prístupe k informáciám o životnom prostredí. 
610 2 0 |a informácie 
610 2 0 |a prostredie životné 
610 2 0 |a Slovensko 
610 2 0 |a smernice 
610 2 0 |a predpisy právne 
100 1 |a Žilinčík, P.